000 00584cab a2200205 4500
001 ABS40059
008 090401t1989 xxu||||| |||| 00| 0 eng d
035 _a(Sirsi) u21106
041 _aeng
100 _aRobertson, D.I.
245 _aQuality assurance : a British approach
260 _c1989
350 _a0
490 _aBuilding Technology & Management
_v26(6) December 1988/January 1989, 11-13(3)
520 _aDiscusses quality assurance in the British construction industry.
650 _aBS 5750
690 _aBUILT ENVIRONMENT
942 _n0
948 _c04/03/1997
999 _c14163
_d14163